EDP Auditing. A Primer
Saved in:
| Main Author: | |
|---|---|
| Other Authors: | , |
| Format: | Book |
| Language: | English |
| Published: |
New York
Wiley
1981
|
| Edition: | 1. ed. |
| Subjects: | |
| Tags: |
No Tags, Be the first to tag this record!
|
MARC
| LEADER | 00000nam a2200000 4500 | ||
|---|---|---|---|
| 001 | c009677 | ||
| 005 | 20221207073516.1 | ||
| 020 | |a 0-471-12305-6 | ||
| 041 | 0 | |a eng | |
| 044 | |a US | ||
| 245 | 1 | 0 | |a EDP |b Auditing. A Primer |c Joseph L. Sardinas, John G. Burch, Richard J. Asebrook |
| 250 | |a 1. ed. | ||
| 264 | 1 | |a New York |b Wiley |c 1981 | |
| 300 | |a 209 s. | ||
| 610 | 2 | 0 | |a účtovníctvo |
| 610 | 2 | 0 | |a kontrola |
| 610 | 2 | 0 | |a využitie počítačov |
| 610 | 2 | 0 | |a účty |
| 610 | 2 | 0 | |a spracovanie dát |
| 100 | 1 | |a Sardinas, Joseph L. | |
| 700 | 1 | |a Burch, John G. | |
| 700 | 1 | |a Asebrook, Richard J. | |